How old is it? solving the riddle of ages (Record no. 5515)

MARC details
000 -LEADER
fixed length control field 00527nam a22001697a 4500
005 - DATE AND TIME OF LATEST TRANSACTION
control field 20250513164453.0
008 - FIXED-LENGTH DATA ELEMENTS--GENERAL INFORMATION
fixed length control field 250513b |||||||| |||| 00| 0 eng d
040 ## - CATALOGING SOURCE
Transcribing agency DepED Dasmarinas City
245 ## - TITLE STATEMENT
Title How old is it? solving the riddle of ages
250 ## - EDITION
Edition statement September 2001 Vol. 200 No. 3
490 ## - SERIES STATEMENT
SERIES STATEMENT National Geographic
520 ## - SUMMARY, ETC.
Summary, etc. Wildlife Without Borders, Egypt's Hidden Tombs, Changing America, Walruses, How Old Is It?, The Garifuna, Dayton, TN
650 ## - SUBJECT ADDED ENTRY--TOPICAL TERM
General subdivision EGYPT'S TOMB
650 ## - SUBJECT ADDED ENTRY--TOPICAL TERM
General subdivision WALRUS
650 ## - SUBJECT ADDED ENTRY--TOPICAL TERM
General subdivision HOW OLD
942 ## - ADDED ENTRY ELEMENTS (KOHA)
Source of classification or shelving scheme Dewey Decimal Classification
Koha item type Continuing Resources
999 ## -
-- 5515
-- 5515
Holdings
Homebranch current branch Barcode
DepED Dasmarinas City DepED Dasmarinas City DSMSR092001-063